000 00295nam a2200109Ia 4500
008 220204s9999 xx 000 0 und d
082 _a620(031)
_bBEV
245 0 _aEncyclopedia of material science and engineering. 8 V
260 _aNew York
_bPergamon
_c1986
700 _aBever, M B
942 _cBK
999 _c39834
_d39834